The politics of multinational states /
Obra en torno a las implicaciones del pluralismo étnico de cara a la cohesión social, a la integración política y a la forma que el Estado mismo adopta en tales circunstancias. Se analizan casos de naciones multiculturales como India, Rusia, España, Canadá, Bélgica, Checoslovaquia, entre otros.
Bewaard in:
| Hoofdauteur: | |
|---|---|
| Formaat: | Boek |
| Taal: | Engels |
| Gepubliceerd in: |
Londres, Inglaterra :
St. Martin's Press,
1999, c1999
|
| Onderwerpen: | |
| Tags: |
Geen labels, Wees de eerste die dit record labelt!
|
MARC
| LEADER | 00000nam^a2200000^a^4500 | ||
|---|---|---|---|
| 001 | 000105578 | ||
| 005 | 20250521000000.0 | ||
| 009 | 20260310093505.902 | ||
| 020 | |a 0-312-17487-X | ||
| 037 | |a Acervo ITESO - Biblioteca | ||
| 041 | |a ING | ||
| 082 | |a 320. 01 |b MAC | ||
| 100 | |a MacIver, Don |e (ed.) | ||
| 245 | 1 | 4 | |a The politics of multinational states / |c Ed. de D. MacIver. |
| 264 | 4 | |a Londres, Inglaterra : |b St. Martin's Press, |c 1999, c1999 | |
| 300 | |a 315 p. | ||
| 336 | |a texto |b txt |2 rdacontenido | ||
| 337 | |a sin mediación |b n |2 rdamedio | ||
| 338 | |a volumen |b nc |2 rdasoporte | ||
| 520 | |a Obra en torno a las implicaciones del pluralismo étnico de cara a la cohesión social, a la integración política y a la forma que el Estado mismo adopta en tales circunstancias. Se analizan casos de naciones multiculturales como India, Rusia, España, Canadá, Bélgica, Checoslovaquia, entre otros. | ||
| 649 | |a XX | ||
| 650 | |a Tolerancia e Intolerancia | ||
| 650 | |a Grupos Etnicos | ||
| 650 | |a Relaciones Interculturales | ||
| 650 | |a Identidad Cultural | ||
| 650 | |a Diferencia y Otredad | ||
| 650 | |a Diversidad Cultural | ||
| 650 | |a Etica Política | ||
| 650 | |a Estado, El | ||
| 650 | |a Filosofía Política | ||
| 650 | |a Política Cultural | ||
| 650 | |a Política | ||
| 650 | |a Educación Intercultural | ||
| 650 | |a Sociología | ||
| 910 | |a Fondo General | ||
| 920 | |a Impresos - Libros | ||
| 930 | |a Colección General | ||
| 905 | |a 101 | ||
| 901 | |a 0500041564 |b IT1 |c ACC |u 20250521 | ||
| 902 | |a https://opac.biblio.iteso.mx/vufind/Record/000105578 | ||